000 00477nam a2200181Ia 4500
005 20250326123853.0
008 250326s9999 xx 000 0 und d
037 _aTextbook
040 _aFMSL
_beng
_cFMSL
041 _aeng
_2eng
084 _aS4(X8) H7
_qFMSL
100 _aJames D
_9736278
245 0 _aPsychology of industry
_cJames D
260 _aLondon
_bLondon, Methuen
_c1947
300 _a151p
942 _cTB
_hS4(X8) H7
999 _c1271278
_d1271278